[Event "Cologne Ford op 17th"]
[Site "Cologne"]
[Date "2011.04.18"]
[Round "2"]
[White "Mehner, Matthias"]
[Black "Kels, Dieter"]
[Result "0-1"]
[WhiteElo "934"]
[BlackElo "1472"]
[PlyCount "80"]
[EventDate "2011.04.12"]
[EventType "swiss"]
[EventRounds "7"]
[EventCountry "GER"]
[SourceTitle "EXT 2012"]
[Source "ChessBase"]
[SourceDate "2011.11.24"]
[SourceVersion "1"]
[SourceVersionDate "2011.11.24"]
[SourceQuality "1"]

1. e4 d6 2. d4 Nd7 3. Nf3 Ngf6 4. Nc3 c6 5. Bd2 e5 6. dxe5 dxe5 7. Bd3 Bd6 8. 0-0 Nc5 9. Bc4 b5 10. Bb3 Bg4 11. h3 Bh5 12. Re1 Bg6 13. Ng5 h6 14. Nf3 Ncxe4 15. Nxe4 Nxe4 16. a4 b4 17. c3 a5 18. cxb4 axb4 19. Qc2 Nc5 20. Qd1 0-0 21. Bxb4 Rb8 22. Bxc5 Bxc5 23. Qxd8 Rfxd8 24. Bc4 e4 25. Ne5 Rxb2 26. Re2 Rxe2 27. Bxe2 Rd2 28. Kf1 Bd4 29. Nc4 Rxe2 30. Kxe2 Bxa1 31. Nd2 Bd4 32. Nc4 f5 33. f3 exf3+ 34. Kxf3 Bf7 35. Ne3 g6 36. g4 fxg4+ 37. Nxg4 Kg7 38. Ke4 Bc3 39. Ne5 Bd5+ 40. Ke3 Bxe5 0-1

[Event "Leverkusen-ch op"]
[Site "Leverkusen"]
[Date "2010.03.22"]
[Round "5"]
[White "Weinmann Musset, Manfred"]
[Black "Kels, Dieter"]
[Result "1-0"]
[WhiteElo "1897"]
[BlackElo "1498"]
[PlyCount "61"]
[EventDate "2010.01.18"]
[EventType "swiss"]
[EventRounds "7"]
[EventCountry "GER"]
[SourceTitle "EXT 2011"]
[Source "ChessBase"]
[SourceDate "2010.11.26"]
[SourceVersion "1"]
[SourceVersionDate "2010.11.26"]
[SourceQuality "1"]

1. d4 d6 2. Nf3 Nd7 3. e4 e5 4. c3 Be7 5. Bc4 h6 6. Be3 Ngf6 7. Nbd2 Ng4 8. Qb3 0-0 9. h4 Nb6 10. Be2 Bd7 11. Qc2 a6 12. a4 f5 13. exf5 Bxf5 14. Qb3+ Kh8 15. Nf1 Qc8 16. Ng5 Bxg5 17. hxg5 Be6 18. Qd1 Nc4 19. Bxg4 Bxg4 20. f3 Bf5 21. gxh6 g6 22. Qe2 Qe6 23. g4 Bxg4 24. fxg4 Qd5 25. Rh3 exd4 26. Bxd4+ Kh7 27. 0-0-0 Rae8 28. Ne3 Nxe3 29. Rxe3 Qg5 30. Kb1 Rxe3 31. Qxe3 1-0

[Event "Leverkusen-ch op"]
[Site "Leverkusen"]
[Date "2010.01.18"]
[Round "1"]
[White "Kels, Dieter"]
[Black "Scharff, Klaus"]
[Result "0-1"]
[WhiteElo "1498"]
[BlackElo "2057"]
[PlyCount "62"]
[EventDate "2010.01.18"]
[EventType "swiss"]
[EventRounds "7"]
[EventCountry "GER"]
[SourceTitle "EXT 2011"]
[Source "ChessBase"]
[SourceDate "2010.11.26"]
[SourceVersion "1"]
[SourceVersionDate "2010.11.26"]
[SourceQuality "1"]

1. e4 e6 2. f4 g6 3. Nf3 Bg7 4. c3 Ne7 5. d4 d6 6. Bd3 Nd7 7. 0-0 0-0 8. Nbd2 e5 9. f5 Nf6 10. Nh4 exd4 11. cxd4 Nc6 12. Nb3 Nh5 13. Nf3 gxf5 14. exf5 h6 15. Qc2 Nb4 16. Qc4 Nxd3 17. Qxd3 Qf6 18. Nfd2 Qd8 19. Ne4 a5 20. Qf3 Nf6 21. Be3 a4 22. Nbd2 Ra5 23. Ng3 b6 24. Nc4 Ra7 25. Rfe1 Bb7 26. Qd1 Nd5 27. Bc1 Qf6 28. Qg4 Qxd4+ 29. Qxd4 Bxd4+ 30. Kh1 Kh7 31. Rd1 Bh8 0-1